00501nam a2200145Ia 4500008004100000041000800041082001700049100001500066245004400081260004800125300002400173365001100197999001700208952013000225240624s9999 xx 000 0 und d aeng a658.4092 GOF aGOFFEE ROB aWHY SHOULD ANYONE BE LED BY YOU WHAT IT c2006aBostonbHarvard Business School Press a244 : p. : cm. ; 24 cRSb30 c15150d15150 00104070aIMTNbIMTNcRack 30-Bd2010-05-18eBWEg995.00n9214o658.4092 GOFp15150r2024-06-24 00:00:00t1w2024-06-24yBK